| 000 | 00921nam a2200253Ia 4500 | ||
|---|---|---|---|
| 003 | OSt | ||
| 005 | 20221005112306.0 | ||
| 006 | a|||||r|||| 00| 0 | ||
| 007 | ta | ||
| 008 | 221004b |||||||| |||| 00| 0 pan d | ||
| 020 |
_a9788178564494 (hbk) _c250 |
||
| 024 | _a26547 | ||
| 037 |
_b987, 17/12/2015, H.K. Prakashan _cTextual |
||
| 040 |
_aCRL _cCRL _bpan |
||
| 041 |
_2pan _apan |
||
| 082 | _aO153,1N15:g, Q5 | ||
| 100 | _aਸਿੰਘ, ਬ੍ਰਹਮਜਗਦੀF | ||
| 245 | 0 | _aਬਾਵਾ ਬਲਵੰਤ ਕਾਵਿ ਸੰਵੇਦਨਾ | |
| 260 |
_aਅੰਮ੍ਰਿਤਸਰ _bਵਾਰਿਸ Fਾਹ ਖ਼ਾਉ੍ਵਡੇFਨ ਭਾਰਤ _c2015 |
||
| 300 |
_a144ਪੰ _ccm. |
||
| 650 | _aਪੰਜਾਬੀ ਸਾਹਿਤ | ||
| 942 |
_hO153,1N15:g, Q5 _cTEXL _2cc |
||
| 999 |
_c1024442 _d1024442 |
||